| 000 | 00539nam a22001937a 4500 | ||
|---|---|---|---|
| 003 | CEME | ||
| 005 | 20210628203222.0 | ||
| 008 | 210203b xxu||||| |||| 00| 0 eng d | ||
| 020 | _a9780324596557 | ||
| 040 | _c. | ||
| 082 | _a658.4092 LUS | ||
| 100 |
_aLussier, Robert N , Achua, Christopher F _964058 |
||
| 245 | _aLeadership , theory, applications & skill development | ||
| 250 | _a4TH | ||
| 260 |
_aNEW YORK _bSOUTH WESTERN _c2010 |
||
| 300 | _aXXVI, 525P | ||
| 650 |
_aLEADERSHIP. , SKILL DEVELOPMENT _964059 |
||
| 942 |
_cBK _2ddc |
||
| 999 |
_c572697 _d572697 |
||